[Event "WLS-chT 1617"]
[Site "Wales"]
[Date "2017.04.02"]
[Round "4.1"]
[White "Kett, Timothy"]
[Black "Williams, Howard"]
[Result "1-0"]
[WhiteElo "2221"]
[BlackElo "2271"]
[PlyCount "89"]
[EventDate "2016.10.02"]
[EventType "team-tourn"]
[EventRounds "5"]
[EventCountry "WLS"]
[SourceTitle "EXT 2019"]
[Source "ChessBase"]
[SourceDate "2018.10.10"]
[SourceVersion "1"]
[SourceVersionDate "2018.10.10"]
[SourceQuality "1"]
[WhiteTeam "The Vale"]
[BlackTeam "Cardigan"]
[WhiteTeamCountry "WLS"]
[BlackTeamCountry "WLS"]

1. e4 e5 2. Nf3 Nc6 3. Bb5 Nf6 4. d3 d6 5. c3 Bd7 6. 0-0 Be7 7. Re1 0-0 8. Nbd2 Re8 9. Nf1 Bf8 10. Ng3 g6 11. d4 Nxd4 12. Nxd4 exd4 13. Bxd7 Qxd7 14. cxd4 Bg7 15. f3 c6 16. Be3 Re6 17. Qd3 Rae8 18. Re2 h5 19. Rae1 b6 20. Bg5 Nh7 21. Bd2 f5 22. d5 cxd5 23. exf5 Rxe2 24. Rxe2 Rxe2 25. Qxd5+ Qf7 26. Qxf7+ Kxf7 27. fxg6+ Kxg6 28. Nxe2 Bxb2 29. Nf4+ Kf7 30. Nxh5 a5 31. g4 a4 32. Kf2 Bd4+ 33. Ke2 b5 34. Kd3 Bc5 35. f4 d5 36. f5 Nf6 37. Nxf6 Kxf6 38. h4 b4 39. h5 b3 40. axb3 a3 41. Kc2 Bd4 42. Kb1 Bb2 43. b4 d4 44. b5 d3 45. b6 1-0

[Event "WLS-chT 1617"]
[Site "Wales"]
[Date "2017.03.12"]
[Round "3.1"]
[White "Toczek, Grzegorz"]
[Black "Williams, Howard"]
[Result "1/2-1/2"]
[WhiteElo "2252"]
[BlackElo "2271"]
[PlyCount "74"]
[EventDate "2016.10.02"]
[EventType "team-tourn"]
[EventRounds "5"]
[EventCountry "WLS"]
[SourceTitle "EXT 2019"]
[Source "ChessBase"]
[SourceDate "2018.10.10"]
[SourceVersion "1"]
[SourceVersionDate "2018.10.10"]
[SourceQuality "1"]
[WhiteTeam "Cardiff"]
[BlackTeam "Cardigan"]
[WhiteTeamCountry "WLS"]
[BlackTeamCountry "WLS"]

1. d4 Nf6 2. c4 e6 3. g3 d5 4. Bg2 Be7 5. Nf3 0-0 6. 0-0 dxc4 7. Qa4 a6 8. Qxc4 b5 9. Qc2 Bb7 10. Bf4 Nc6 11. Rd1 Nb4 12. Qc1 Nbd5 13. Nbd2 c5 14. dxc5 Nxf4 15. gxf4 Qc7 16. Nb3 Rac8 17. Ne5 Bxg2 18. Kxg2 Bxc5 19. Nxc5 Qxc5 20. Qxc5 Rxc5 21. Rac1 Rxc1 22. Rxc1 Nd5 23. Kf3 f6 24. Nd3 e5 25. Rc6 Re8 26. e4 Nxf4 27. Nxf4 exf4 28. Rxa6 b4 29. h4 Kf7 30. h5 g5 31. Ra7+ Re7 32. Ra6 h6 33. Rb6 Ra7 34. Rxb4 Rxa2 35. Rb6 Ra4 36. Rb7+ Ke6 37. Rb6+ Kf7 1/2-1/2

[Event "WLS-chT 1617"]
[Site "Wales"]
[Date "2017.01.22"]
[Round "2.7"]
[White "Strugnell, Carl"]
[Black "Williams, Howard"]
[Result "1-0"]
[WhiteElo "2203"]
[BlackElo "2271"]
[PlyCount "87"]
[EventDate "2016.10.02"]
[EventType "team-tourn"]
[EventRounds "5"]
[EventCountry "WLS"]
[SourceTitle "EXT 2019"]
[Source "ChessBase"]
[SourceDate "2018.10.10"]
[SourceVersion "1"]
[SourceVersionDate "2018.10.10"]
[SourceQuality "1"]
[WhiteTeam "White Knights"]
[BlackTeam "Cardigan"]
[WhiteTeamCountry "WLS"]
[BlackTeamCountry "WLS"]

1. e4 Nf6 2. e5 Nd5 3. d4 d6 4. Nf3 c6 5. Be2 dxe5 6. Nxe5 Bf5 7. 0-0 e6 8. Nd2 Nd7 9. Ndc4 Be7 10. Nxd7 Qxd7 11. Ne5 Qd8 12. c4 Nf6 13. Qb3 Qb6 14. Qxb6 axb6 15. g4 Be4 16. f3 Bg6 17. Be3 Nd7 18. Nd3 Bxd3 19. Bxd3 h5 20. g5 g6 21. Be4 0-0 22. a3 Rfd8 23. Rad1 Kf8 24. f4 Ra4 25. Rc1 Bd6 26. Rc3 Ke7 27. Kg2 Raa8 28. b4 Rac8 29. Rd3 Bc7 30. Rfd1 Nf8 31. Kf3 Rb8 32. d5 exd5 33. cxd5 cxd5 34. Bxd5 Ne6 35. Ke4 Ng7 36. Rc1 Rd7 37. Rdc3 Bd8 38. Bd4 Nf5 39. Be5 Ra8 40. Rd3 Nd6+ 41. Kf3 Nf5 42. Rcd1 Ke8 43. Bc6 bxc6 44. Rxd7 1-0

[Event "EU-Cup 32nd"]
[Site "Novi Sad"]
[Date "2016.11.12"]
[Round "7.1"]
[White "Williams, Howard"]
[Black "Moran, Stephen"]
[Result "1/2-1/2"]
[WhiteElo "2323"]
[BlackElo "2180"]
[PlyCount "76"]
[EventDate "2016.11.06"]
[EventType "team-swiss"]
[EventRounds "7"]
[EventCountry "SRB"]
[SourceTitle "CBM 176"]
[Source "ChessBase"]
[SourceDate "2017.01.17"]
[SourceVersion "1"]
[SourceVersionDate "2017.01.17"]
[SourceQuality "1"]
[WhiteTeam "Cardigan"]
[BlackTeam "Dublin Trinity College"]
[WhiteTeamCountry "WLS"]
[BlackTeamCountry "IRL"]

1. d4 Nf6 2. c4 g6 3. Nc3 d5 4. cxd5 Nxd5 5. e4 Nxc3 6. bxc3 Bg7 7. Bc4 c5 8. Ne2 0-0 9. 0-0 Nc6 10. Be3 Na5 11. Bd3 b6 12. Rc1 e5 13. dxe5 Bxe5 14. f4 Bg7 15. Ng3 Be6 16. Qe2 Bg4 17. Qc2 Be6 18. Rcd1 Qe7 19. Qe2 Rad8 20. e5 Bd5 21. Ne4 Rfe8 22. Rfe1 c4 23. Bc2 Nb7 24. Qf2 Be6 25. Bd4 h6 26. Nf6+ Bxf6 27. exf6 Qf8 28. Rxe6 Rxe6 29. f5 Rxd4 30. Qxd4 Rd6 31. Qxc4 Rxd1+ 32. Bxd1 Qc5+ 33. Qxc5 Nxc5 34. fxg6 fxg6 35. Kf2 Kf7 36. Ke3 Kxf6 37. Bc2 g5 38. Kd4 Ke6 1/2-1/2

[Event "EU-Cup 32nd"]
[Site "Novi Sad"]
[Date "2016.11.11"]
[Round "6.1"]
[White "Guxho, Clirim"]
[Black "Williams, Howard"]
[Result "1/2-1/2"]
[WhiteElo "2101"]
[BlackElo "2323"]
[PlyCount "90"]
[EventDate "2016.11.06"]
[EventType "team-swiss"]
[EventRounds "7"]
[EventCountry "SRB"]
[SourceTitle "CBM 176"]
[Source "ChessBase"]
[SourceDate "2017.01.17"]
[SourceVersion "1"]
[SourceVersionDate "2017.01.17"]
[SourceQuality "1"]
[WhiteTeam "Butrinti"]
[BlackTeam "Cardigan"]
[WhiteTeamCountry "ALB"]
[BlackTeamCountry "WLS"]

1. c4 Nf6 2. Nc3 e6 3. g3 d5 4. Bg2 d4 5. Nb1 e5 6. d3 Nc6 7. Bg5 Be7 8. Nd2 0-0 9. Ngf3 a5 10. a3 Nd7 11. Bxe7 Qxe7 12. 0-0 Nc5 13. Ne4 Nxe4 14. dxe4 Be6 15. Qa4 Bg4 16. Rfd1 Nb8 17. Qb5 Nd7 18. b4 Ra7 19. c5 Rfa8 20. Rab1 axb4 21. axb4 c6 22. Qc4 Ra2 23. Rd2 R2a3 24. Qc1 Qe6 25. Rc2 Bxf3 26. Bxf3 g6 27. Kg2 Nf6 28. h3 Ne8 29. b5 Nc7 30. Bg4 Qe8 31. bxc6 bxc6 32. Rb7 Ne6 33. h4 h5 34. Bh3 d3 35. exd3 Rxd3 36. Bxe6 Qxe6 37. Qg5 Re8 38. Rd2 Rxd2 39. Qxd2 Qc4 40. Qb4 Qd4 41. Qxd4 exd4 42. Rc7 Rxe4 43. Rxc6 d3 44. Kf3 d2 45. Rd6 Rc4 1/2-1/2

[Event "EU-Cup 32nd"]
[Site "Novi Sad"]
[Date "2016.11.09"]
[Round "4.1"]
[White "Williams, Howard"]
[Black "Adair, James R"]
[Result "0-1"]
[WhiteElo "2323"]
[BlackElo "2488"]
[PlyCount "58"]
[EventDate "2016.11.06"]
[EventType "team-swiss"]
[EventRounds "7"]
[EventCountry "SRB"]
[SourceTitle "CBM 176"]
[Source "ChessBase"]
[SourceDate "2017.01.17"]
[SourceVersion "1"]
[SourceVersionDate "2017.01.17"]
[SourceQuality "1"]
[WhiteTeam "Cardigan"]
[BlackTeam "White Rose"]
[WhiteTeamCountry "WLS"]
[BlackTeamCountry "ENG"]

1. Nf3 d5 2. d4 Nf6 3. c4 e6 4. Nc3 c5 5. cxd5 Nxd5 6. e4 Nxc3 7. bxc3 cxd4 8. cxd4 Bb4+ 9. Bd2 Bxd2+ 10. Qxd2 0-0 11. Bc4 Nd7 12. 0-0 b6 13. Rfe1 Bb7 14. Rad1 Rc8 15. Bd3 Qe7 16. Qf4 Qf6 17. Qd2 Rfd8 18. e5 Qe7 19. Ng5 Nf8 20. Be4 Rc4 21. Bxb7 Qxb7 22. Ne4 Qd5 23. Nd6 Ra4 24. Re2 Ng6 25. g3 Ne7 26. Qf4 f6 27. Qd2 Nc6 28. Qc2 Rxd4 29. Red2 Nxe5 0-1

[Event "EU-Cup 32nd"]
[Site "Novi Sad"]
[Date "2016.11.08"]
[Round "3.1"]
[White "Hansen, Torbjorn Ringdal"]
[Black "Williams, Howard"]
[Result "1/2-1/2"]
[WhiteElo "2448"]
[BlackElo "2323"]
[PlyCount "57"]
[EventDate "2016.11.06"]
[EventType "team-swiss"]
[EventRounds "7"]
[EventCountry "SRB"]
[SourceTitle "CBM 176"]
[Source "ChessBase"]
[SourceDate "2017.01.17"]
[SourceVersion "1"]
[SourceVersionDate "2017.01.17"]
[SourceQuality "1"]
[WhiteTeam "Oslo SK 1911"]
[BlackTeam "Cardigan"]
[WhiteTeamCountry "NOR"]
[BlackTeamCountry "WLS"]

1. e4 Nf6 2. e5 Nd5 3. d4 d6 4. Nf3 c6 5. c4 Nc7 6. Nc3 Bg4 7. h3 Bxf3 8. Qxf3 dxe5 9. dxe5 Nd7 10. Qg3 Ne6 11. Be3 Qc7 12. f4 g5 13. fxg5 Qxe5 14. Qxe5 Nxe5 15. 0-0-0 h6 16. gxh6 Bxh6 17. Bxh6 Rxh6 18. b3 Rd8 19. Rxd8+ Kxd8 20. h4 f5 21. g3 f4 22. Ne4 fxg3 23. Nxg3 Nf4 24. Kd2 Ng4 25. h5 Rd6+ 26. Kc3 Re6 27. Kc2 Re3 28. Nf5 Re5 29. Ng3 1/2-1/2

[Event "EU-Cup 32nd"]
[Site "Novi Sad"]
[Date "2016.11.06"]
[Round "1.1"]
[White "Williams, Howard"]
[Black "Arnaudov, Petar G"]
[Result "0-1"]
[WhiteElo "2323"]
[BlackElo "2471"]
[PlyCount "69"]
[EventDate "2016.11.06"]
[EventType "team-swiss"]
[EventRounds "7"]
[EventCountry "SRB"]
[SourceTitle "CBM 176"]
[Source "ChessBase"]
[SourceDate "2017.01.17"]
[SourceVersion "1"]
[SourceVersionDate "2017.01.17"]
[SourceQuality "1"]
[WhiteTeam "Cardigan"]
[BlackTeam "Gambit Asseco See"]
[WhiteTeamCountry "WLS"]
[BlackTeamCountry "MKD"]

1. d4 Nf6 2. c4 Nc6 3. Nf3 e6 4. g3 d5 5. Bg2 dxc4 6. Qa4 Bb4+ 7. Bd2 Nd5 8. Bxb4 Ndxb4 9. 0-0 Rb8 10. Nc3 a6 11. a3 b5 12. Qd1 Nd5 13. Ne4 Nf6 14. Nc5 Nd7 15. Ne4 Bb7 16. Qc2 0-0 17. Rad1 Qe7 18. Nc3 Nb6 19. e4 Na5 20. Rfe1 h6 21. d5 e5 22. Nh4 Nb3 23. Nf5 Qc5 24. Ne2 Bc8 25. Qc3 Bxf5 26. exf5 Rfe8 27. h3 Rbd8 28. Qe3 Nd4 29. Nc3 Qf8 30. Be4 Nb3 31. Bc2 b4 32. Bxb3 bxc3 33. Bxc4 c2 34. d6 cxd1Q 35. Rxd1 0-1

[Event "WLS-chT 1617"]
[Site "Wales"]
[Date "2016.10.02"]
[Round "1.7"]
[White "Williams, Howard"]
[Black "Saunders, Robert"]
[Result "1/2-1/2"]
[WhiteElo "2271"]
[BlackElo "2086"]
[PlyCount "35"]
[EventDate "2016.10.02"]
[EventType "team-tourn"]
[EventRounds "5"]
[EventCountry "WLS"]
[SourceTitle "EXT 2019"]
[Source "ChessBase"]
[SourceDate "2018.10.10"]
[SourceVersion "1"]
[SourceVersionDate "2018.10.10"]
[SourceQuality "1"]
[WhiteTeam "Cardigan"]
[BlackTeam "Nidum"]
[WhiteTeamCountry "WLS"]
[BlackTeamCountry "WLS"]

1. d4 Nf6 2. c4 c5 3. d5 b5 4. Nf3 Bb7 5. Nbd2 e6 6. e4 bxc4 7. dxe6 dxe6 8. e5 Nd5 9. Nxc4 Be7 10. Be2 0-0 11. 0-0 Nd7 12. Qc2 Rb8 13. Rd1 N7b6 14. Nd6 Bxd6 15. Ng5 g6 16. exd6 Qxd6 17. Qe4 h6 18. Nf3 1/2-1/2

[Event "WLS-chT 1516"]
[Site "Wales"]
[Date "2016.05.08"]
[Round "7.13"]
[White "Williams, Howard"]
[Black "Zeidler, Sven P"]
[Result "1-0"]
[WhiteElo "2323"]
[BlackElo "2166"]
[PlyCount "63"]
[EventDate "2015.11.01"]
[EventType "team-tourn"]
[EventRounds "7"]
[EventCountry "WLS"]
[SourceTitle "EXT 2018"]
[Source "ChessBase"]
[SourceDate "2017.10.13"]
[SourceVersion "1"]
[SourceVersionDate "2017.10.13"]
[SourceQuality "1"]

1. d4 f5 2. g3 Nf6 3. Bg2 g6 4. c4 Bg7 5. Nf3 d6 6. 0-0 0-0 7. Nc3 c6 8. Rb1 a5 9. Qb3 Kh8 10. Rd1 Ne4 11. Be3 a4 12. Nxa4 Qa5 13. Nb6 Qxa2 14. Qc2 Ra6 15. Nxc8 Rxc8 16. Ng5 Nxg5 17. Bxg5 Ra4 18. Rbc1 Rb4 19. Rd2 Re8 20. e4 c5 21. exf5 Bxd4 22. Rxd4 cxd4 23. Qe4 Qxb2 24. Bf6+ exf6 25. Qxe8+ Kg7 26. Qe7+ Kh6 27. Qf8+ Kg5 28. h4+ Kg4 29. Re1 Qc3 30. Re4+ Kh5 31. g4+ Kxh4 32. Qh6# 1-0

[Event "WLS-chT 1516"]
[Site "Wales"]
[Date "2016.04.16"]
[Round "6.13"]
[White "Davies, Matthew"]
[Black "Williams, Howard"]
[Result "0-1"]
[WhiteElo "1950"]
[BlackElo "2323"]
[PlyCount "50"]
[EventDate "2015.11.01"]
[EventType "team-tourn"]
[EventRounds "7"]
[EventCountry "WLS"]
[SourceTitle "EXT 2018"]
[Source "ChessBase"]
[SourceDate "2017.10.13"]
[SourceVersion "1"]
[SourceVersionDate "2017.10.13"]
[SourceQuality "1"]

1. d4 Nf6 2. c4 e6 3. Nc3 Bb4 4. e3 0-0 5. Nge2 d5 6. a3 Be7 7. cxd5 exd5 8. g3 c6 9. Bg2 Bf5 10. 0-0 Bd6 11. Re1 Re8 12. Kh1 Ng4 13. Kg1 Nd7 14. h3 Ngf6 15. g4 Bg6 16. f4 Be4 17. Ng3 g6 18. Bxe4 Nxe4 19. Ncxe4 dxe4 20. Kg2 Nf6 21. g5 Nd5 22. Bd2 Qe7 23. Qe2 Rad8 24. Rh1 c5 25. Bc3 Bxf4 0-1

[Event "Dyfed op 45th"]
[Site "Fishguard"]
[Date "2016.02.28"]
[Round "5"]
[White "Williams, Howard"]
[Black "Waterfield, John"]
[Result "1-0"]
[WhiteElo "2330"]
[BlackElo "1904"]
[PlyCount "53"]
[EventDate "2016.02.26"]
[EventType "swiss"]
[EventRounds "5"]
[EventCountry "WLS"]
[SourceTitle "EXT 2018"]
[Source "ChessBase"]
[SourceDate "2017.10.13"]
[SourceVersion "1"]
[SourceVersionDate "2017.10.13"]
[SourceQuality "1"]

1. Nf3 g6 2. d4 Bg7 3. c4 c5 4. Nc3 cxd4 5. Nxd4 Nc6 6. Nc2 Bxc3+ 7. bxc3 f5 8. g3 Qa5 9. Bd2 Nf6 10. Bg2 Ne5 11. 0-0 Nxc4 12. Bg5 Qxc3 13. Rc1 Nb2 14. Qd4 Ne4 15. Bxe4 Qxd4 16. Nxd4 fxe4 17. Nb5 d5 18. Nc7+ Kf7 19. Nxa8 Bh3 20. Rc7 Rxa8 21. Rb1 Nc4 22. Rxe7+ Kg8 23. Rbxb7 Nd6 24. Rg7+ Kf8 25. Rxh7 Kg8 26. Rbg7+ Kf8 27. Be7+ 1-0

[Event "Dyfed op 45th"]
[Site "Fishguard"]
[Date "2016.02.27"]
[Round "3"]
[White "Williams, Howard"]
[Black "Greatorex, Roger"]
[Result "1-0"]
[WhiteElo "2330"]
[BlackElo "1810"]
[PlyCount "47"]
[EventDate "2016.02.26"]
[EventType "swiss"]
[EventRounds "5"]
[EventCountry "WLS"]
[SourceTitle "EXT 2018"]
[Source "ChessBase"]
[SourceDate "2017.10.13"]
[SourceVersion "1"]
[SourceVersionDate "2017.10.13"]
[SourceQuality "1"]

1. Nf3 d5 2. d4 Nf6 3. c4 c6 4. e3 Bf5 5. Nc3 e6 6. Bd3 Bxd3 7. Qxd3 Bb4 8. 0-0 Bxc3 9. bxc3 Nbd7 10. Rb1 Qc8 11. Ba3 Nb6 12. Nd2 Qd7 13. cxd5 cxd5 14. c4 Rc8 15. Rfc1 Nxc4 16. Nxc4 Rxc4 17. Rxc4 dxc4 18. Qxc4 Kd8 19. Rc1 Nd5 20. e4 Nb6 21. Qc5 Re8 22. Qe5 f6 23. Qb8+ Nc8 24. Bd6 1-0

[Event "Dyfed op 45th"]
[Site "Fishguard"]
[Date "2016.02.26"]
[Round "1"]
[White "Williams, Howard"]
[Black "Smith, Lynda"]
[Result "1/2-1/2"]
[WhiteElo "2330"]
[BlackElo "1870"]
[PlyCount "92"]
[EventDate "2016.02.26"]
[EventType "swiss"]
[EventRounds "5"]
[EventCountry "WLS"]
[SourceTitle "EXT 2018"]
[Source "ChessBase"]
[SourceDate "2017.10.13"]
[SourceVersion "1"]
[SourceVersionDate "2017.10.13"]
[SourceQuality "1"]

1. Nf3 f5 2. d4 Nf6 3. g3 g6 4. Bg2 Bg7 5. c4 d6 6. Nc3 c6 7. 0-0 0-0 8. Rb1 a5 9. b3 Na6 10. Bb2 Qc7 11. d5 e5 12. dxe6 Bxe6 13. Ng5 Bd7 14. Qd2 Rad8 15. Rbd1 Bc8 16. Na4 h6 17. Nh3 Ne4 18. Qc1 Nac5 19. Nxc5 Nxc5 20. Nf4 Kh7 21. e3 Rfe8 22. Bd4 Ne6 23. Nxe6 Bxe6 24. Qc3 Be5 25. f4 Bxd4 26. Rxd4 c5 27. Rd2 Bd7 28. Rfd1 Bc6 29. Bd5 Bxd5 30. Rxd5 Qe7 31. Kf2 b6 32. R1d3 Rf8 33. a3 Rf6 34. Qd2 Re6 35. b4 axb4 36. axb4 Qc7 37. Qb2 Rde8 38. bxc5 bxc5 39. Rb3 Qf7 40. Rb6 Rd8 41. Rb7 Rd7 42. Rb8 Re8 43. Rxe8 Qxe8 44. Qb5 Qe7 45. Qc6 Kg7 46. Rd3 Qe6 1/2-1/2

[Event "WLS-chT 1516"]
[Site "Wales"]
[Date "2016.01.24"]
[Round "4.7"]
[White "Williams, Howard"]
[Black "Davis, Lee"]
[Result "1-0"]
[WhiteElo "2323"]
[BlackElo "1994"]
[PlyCount "111"]
[EventDate "2015.11.01"]
[EventType "team-tourn"]
[EventRounds "7"]
[EventCountry "WLS"]
[SourceTitle "EXT 2018"]
[Source "ChessBase"]
[SourceDate "2017.10.13"]
[SourceVersion "1"]
[SourceVersionDate "2017.10.13"]
[SourceQuality "1"]

1. d4 Nf6 2. c4 g6 3. Nc3 Bg7 4. Nf3 d6 5. e4 0-0 6. Be2 e5 7. 0-0 exd4 8. Nxd4 Nc6 9. Nc2 Re8 10. f3 Be6 11. Bg5 h6 12. Be3 Qd7 13. Qd2 Kh7 14. Rad1 a6 15. b3 Rad8 16. Nd5 Bxd5 17. cxd5 Ne7 18. Bd4 Neg8 19. Ne3 Nh5 20. Bxg7 Nxg7 21. Rc1 Re7 22. Rc3 Qe8 23. Rfc1 Rdd7 24. Kf2 Qf8 25. Bd3 Ne8 26. Bf1 Qg7 27. g3 Ngf6 28. Rc4 h5 29. Bh3 Rd8 30. Kg2 Qh6 31. Nf1 Qxd2+ 32. Nxd2 Nxd5 33. Rd4 Nb6 34. Kf2 Nd7 35. f4 Ndf6 36. Kf3 Rb8 37. Re1 b5 38. Rc1 c5 39. Rd3 Rb6 40. Re3 Nc7 41. Rd3 Ne6 42. Bxe6 Rxe6 43. h3 Kg7 44. g4 hxg4+ 45. hxg4 Re8 46. g5 Ng8 47. Nf1 f6 48. Ne3 fxg5 49. fxg5 Ne7 50. Rcd1 Nc6 51. Rxd6 Nd4+ 52. R1xd4 cxd4 53. Rxb6 dxe3 54. Kxe3 Re5 55. Kf4 Rc5 56. Rxa6 1-0

[Event "WLS-chT 1516"]
[Site "Wales"]
[Date "2016.01.03"]
[Round "3.7"]
[White "Strugnell, Carl"]
[Black "Williams, Howard"]
[Result "0-1"]
[WhiteElo "2226"]
[BlackElo "2323"]
[PlyCount "56"]
[EventDate "2015.11.01"]
[EventType "team-tourn"]
[EventRounds "7"]
[EventCountry "WLS"]
[SourceTitle "EXT 2018"]
[Source "ChessBase"]
[SourceDate "2017.10.13"]
[SourceVersion "1"]
[SourceVersionDate "2017.10.13"]
[SourceQuality "1"]

1. e4 e5 2. Nf3 Nc6 3. Bb5 Nf6 4. d3 Bc5 5. Bxc6 dxc6 6. Nbd2 Be6 7. 0-0 Bd6 8. b3 0-0 9. Nc4 Bxc4 10. bxc4 Nd7 11. Bg5 f6 12. Be3 Nc5 13. Nh4 Ne6 14. Qg4 Qd7 15. Rab1 b6 16. Nf5 g6 17. d4 Kh8 18. Nh4 exd4 19. Bxd4 Rad8 20. Be3 Nd4 21. Qd1 Bc5 22. Bh6 Rfe8 23. c3 Ne6 24. Qf3 Qe7 25. Rfe1 Ng5 26. Qf4 Nf7 27. Qc1 Ne5 28. Qc2 Ng4 0-1

[Event "WLS-chT 1516"]
[Site "Wales"]
[Date "2015.11.29"]
[Round "2.1"]
[White "Williams, Howard"]
[Black "Brown, Thomas"]
[Result "1/2-1/2"]
[WhiteElo "2323"]
[BlackElo "2056"]
[PlyCount "43"]
[EventDate "2015.11.01"]
[EventType "team-tourn"]
[EventRounds "7"]
[EventCountry "WLS"]
[SourceTitle "EXT 2018"]
[Source "ChessBase"]
[SourceDate "2017.10.13"]
[SourceVersion "1"]
[SourceVersionDate "2017.10.13"]
[SourceQuality "1"]

1. d4 Nf6 2. c4 g6 3. Nc3 d5 4. cxd5 Nxd5 5. e4 Nxc3 6. bxc3 Bg7 7. Bc4 c5 8. Ne2 0-0 9. 0-0 Nc6 10. Be3 Bd7 11. Rb1 cxd4 12. cxd4 Rc8 13. Bd3 Na5 14. d5 b6 15. Ba6 Ra8 16. Qd2 e6 17. d6 b5 18. Bxb5 Bxb5 19. Rxb5 Nc4 20. Qd3 a6 21. Rbb1 Nxe3 22. Qxe3 1/2-1/2

[Event "WLS-chT 1516"]
[Site "Wales"]
[Date "2015.11.01"]
[Round "1.1"]
[White "Heaven, Peter"]
[Black "Williams, Howard"]
[Result "0-1"]
[WhiteElo "2050"]
[BlackElo "2323"]
[PlyCount "100"]
[EventDate "2015.11.01"]
[EventType "team-tourn"]
[EventRounds "7"]
[EventCountry "WLS"]
[SourceTitle "EXT 2018"]
[Source "ChessBase"]
[SourceDate "2017.10.13"]
[SourceVersion "1"]
[SourceVersionDate "2017.10.13"]
[SourceQuality "1"]

1. e4 Nf6 2. e5 Nd5 3. d4 d6 4. c4 Nb6 5. f4 dxe5 6. fxe5 Nc6 7. Be3 Bf5 8. Nc3 e6 9. Nf3 Be7 10. d5 exd5 11. cxd5 Nb4 12. Nd4 Bd7 13. Qf3 0-0 14. a3 c5 15. axb4 cxd4 16. Bxd4 Bxb4 17. Bd3 Qh4+ 18. Bf2 Qg4 19. Qxg4 Bxg4 20. Bxb6 axb6 21. Rxa8 Rxa8 22. 0-0 Bc5+ 23. Kh1 Bd4 24. h3 Bd7 25. d6 Bxe5 26. Nd5 Bxd6 27. Nxb6 Rd8 28. Nxd7 Rxd7 29. Rd1 g6 30. Be4 b6 31. g4 Kf8 32. Kg2 Ke7 33. Kf3 Rc7 34. Bd3 Bc5 35. Bc4 Kf6 36. b3 Re7 37. Rd3 h6 38. Bb5 Re1 39. Bc4 Kg5 40. Kg2 f5 41. gxf5 gxf5 42. Rf3 Rg1+ 43. Kh2 Ra1 44. Rf1 Ra2+ 45. Kh1 Rb2 46. Be6 f4 47. h4+ Kxh4 48. Rxf4+ Kg3 49. Rg4+ Kf3 50. Bf5 Rd2 0-1

[Event "EU-Cup 31st"]
[Site "Skopje"]
[Date "2015.10.24"]
[Round "7.1"]
[White "Wiedenkeller, Michael"]
[Black "Williams, Howard"]
[Result "0-1"]
[WhiteElo "2453"]
[BlackElo "2317"]
[PlyCount "92"]
[EventDate "2015.10.18"]
[EventType "team-swiss"]
[EventRounds "7"]
[EventCountry "MKD"]
[SourceTitle "CBM 169"]
[Source "ChessBase"]
[SourceDate "2015.11.10"]
[SourceVersion "1"]
[SourceVersionDate "2015.11.10"]
[SourceQuality "1"]
[WhiteTeam "Echternach Sprenger"]
[BlackTeam "Cardigan"]
[WhiteTeamCountry "LUX"]
[BlackTeamCountry "WLS"]

1. d4 Nf6 2. c4 e6 3. Nc3 Bb4 4. Qc2 d6 5. Bg5 h6 6. Bh4 c5 7. dxc5 dxc5 8. e3 Nbd7 9. Nge2 0-0 10. 0-0-0 Qa5 11. a3 Bxc3 12. Nxc3 a6 13. Ne4 b5 14. Bxf6 Nxf6 15. Nxf6+ gxf6 16. Qe4 Ra7 17. Bd3 Rd8 18. Qh7+ Kf8 19. Bg6 Rad7 20. Qxh6+ Ke7 21. Qh7 Rf8 22. cxb5 c4 23. Bc2 Qxb5 24. Qh4 Rfd8 25. Rxd7+ Rxd7 26. Rd1 e5 27. Rxd7+ Bxd7 28. f3 Qa5 29. Bd1 Qc5 30. Qe1 a5 31. Qc3 Qd5 32. Be2 Be6 33. Qd2 Qc5 34. Kd1 f5 35. Ke1 f4 36. Kf2 Qb6 37. Qc3 fxe3+ 38. Qxe3 Qxb2 39. Qc5+ Kf6 40. Qxa5 Qd4+ 41. Ke1 c3 42. Qb4 Qg1+ 43. Bf1 Qe3+ 44. Be2 c2 45. Qh4+ Kg7 46. Qg3+ Kf8 0-1

[Event "EU-Cup 31st"]
[Site "Skopje"]
[Date "2015.10.22"]
[Round "5.1"]
[White "Glavinac, Goran"]
[Black "Williams, Howard"]
[Result "1/2-1/2"]
[WhiteElo "2144"]
[BlackElo "2317"]
[PlyCount "81"]
[EventDate "2015.10.18"]
[EventType "team-swiss"]
[EventRounds "7"]
[EventCountry "MKD"]
[SourceTitle "CBM 169"]
[Source "ChessBase"]
[SourceDate "2015.11.10"]
[SourceVersion "1"]
[SourceVersionDate "2015.11.10"]
[SourceQuality "1"]
[WhiteTeam "Karpos"]
[BlackTeam "Cardigan"]
[WhiteTeamCountry "MKD"]
[BlackTeamCountry "WLS"]

1. d4 Nf6 2. Nf3 b6 3. g3 Bb7 4. Bg2 c5 5. c3 e6 6. 0-0 Be7 7. Bg5 0-0 8. Nbd2 cxd4 9. cxd4 Nc6 10. Ne5 d5 11. Nxc6 Bxc6 12. Rc1 Rc8 13. Qb3 Nd7 14. Bxe7 Qxe7 15. Rc3 Nf6 16. Rfc1 Bb7 17. e3 Rxc3 18. Rxc3 Rc8 19. a3 Qd7 20. Bf1 Rxc3 21. Qxc3 Qc6 22. Qxc6 Bxc6 23. Bd3 h6 24. f3 Kf8 25. Kf2 Ke7 26. h3 Ne8 27. Nb1 Nd6 28. Nc3 f6 29. f4 Kf7 30. Kf3 Nc4 31. Bxc4 dxc4+ 32. Kf2 f5 33. g4 g6 34. Kg3 b5 35. g5 h5 36. h4 a5 37. Na2 Ke7 38. Kf2 Kd6 39. Ke2 Bd5 40. Kf2 Kc6 41. Nc3 1/2-1/2

[Event "EU-Cup 31st"]
[Site "Skopje"]
[Date "2015.10.20"]
[Round "3.1"]
[White "Williams, Howard"]
[Black "Maki Uuro, Miika"]
[Result "1/2-1/2"]
[WhiteElo "2317"]
[BlackElo "2329"]
[PlyCount "85"]
[EventDate "2015.10.18"]
[EventType "team-swiss"]
[EventRounds "7"]
[EventCountry "MKD"]
[SourceTitle "CBM 169"]
[Source "ChessBase"]
[SourceDate "2015.11.10"]
[SourceVersion "1"]
[SourceVersionDate "2015.11.10"]
[SourceQuality "1"]
[WhiteTeam "Cardigan"]
[BlackTeam "Matinkylan"]
[WhiteTeamCountry "WLS"]
[BlackTeamCountry "FIN"]

1. Nf3 d5 2. c4 c6 3. e3 Nf6 4. Nc3 e6 5. Qc2 Nbd7 6. b3 Bd6 7. Bb2 Qe7 8. Be2 a6 9. d4 0-0 10. 0-0 dxc4 11. bxc4 c5 12. Ng5 cxd4 13. exd4 b6 14. Bf3 Rb8 15. Rfe1 h6 16. Nge4 Nxe4 17. Nxe4 Ba3 18. d5 Bxb2 19. d6 Qd8 20. Qxb2 Bb7 21. Rad1 f5 22. Nd2 Nc5 23. Qd4 Qf6 24. Qxf6 gxf6 25. Nb3 Bxf3 26. gxf3 Kf7 27. f4 Rfd8 28. Re3 Rbc8 29. Nxc5 Rxc5 30. d7 Rc6 31. Rb3 Rc7 32. Rxb6 Rcxd7 33. Re1 Rd1 34. Rbxe6 Rxe1+ 35. Rxe1 Rd2 36. Rc1 Rxa2 37. c5 Ke7 38. c6 Kd8 39. Rc5 Kc7 40. Rxf5 Kxc6 41. Rxf6+ Kd5 42. Rxh6 Ke4 43. Kg2 1/2-1/2